000 00415nam a2200157Ia 4500
008 220204s9999 xx 000 0 und d
020 _a851996019
082 _bKAN
100 _aKang, Manjit S
245 0 _aQuantitative genetics, genomics and plant breeding
260 _aUK
_bCABI Publishing
_c2002
650 _aGXE interactions
650 _aMolecular markers
650 _aStability analysis
942 _cBK
999 _c42411
_d42411